| 000 | 00826nam a2200205 a 4500 | ||
|---|---|---|---|
| 003 | 0 | ||
| 005 | 20250211102323.0 | ||
| 008 | 120718s19uu xx 00 eng d | ||
| 050 |
_aPGS LB 3013.3 _b.J95 2012 |
||
| 100 | _aJundez, Chloe Gian S. | ||
| 245 |
_aPerception of Grade 6 SISC students on the Anti bullying school policy act / _cChloe Gian S. Jundez. |
||
| 260 |
_aLas Piñas City, Philippines : _bSouthville International School and Colleges, _c2012. |
||
| 300 |
_a66 pages : _billustrations ; _c28 cm. |
||
| 504 | _aIncludes bibliographical references. | ||
| 650 |
_aBullying in schools _vLaw and legislation _zPhilippines |
||
| 650 |
_aSchool discipline _vPolicies and regulations |
||
| 650 | _aStudents’ attitudes toward anti-bullying policies. | ||
| 650 |
_aSchool violence _vPrevention |
||
| 942 |
_2lcc _cPASS |
||
| 999 |
_c98707 _d98707 |
||